000 00700nam a2200229Ia 4500
003 GCL
008 140319s9999 xx 000 0 ara d
040 _aGCL /
_cGCL
082 0 4 _a370.71
_bر م
100 1 _aرشدى لبيب
245 1 0 _aمعلم العلوم مسؤلياتة - اساليب عملة - اعدادة - نموة العلمى والمهنى /
_cرشدى لبيب
260 _a[S.N] :
_bمكتبة الانجلوالمصرية ،
_c1985
300 _a292 ص
490 _a
650 0 4 _aطرق التدريس
650 0 4 _aالتعليم
650 0 4 _aالتدريس
650 0 4 _aالعلوم
650 0 4 _aتدريب
650 0 4 _aالمدرسون
942 _2ddc
_cBK
999 _c32630
_d32630